000 01574nam a2200457 i 4500
001 42150
003 KOSZ 005
005 20200518145118.0
008 011026s2001 pl a f |000 0 pol
015 _aPB 2002/6696
020 _a8371931514
040 _aWA N
_cWA N
_dKOSZ 005/HR
041 0 _apol
_beng
_brus
046 _k2001
080 _a624.012.4-045.43
080 _a624.014-045.43
100 1 _aKucharczuk, Witold
_eAutor
245 1 0 _aBelki zespolone stalowo-betonowe w konstrukcjach budowlanych /
_cWitold Kucharczyk.
260 _aCzęstochowa :
_bWydaw. PC,
_c2001.
300 _a207, [3] s. :
_bil. ;
_c24 cm.
336 _2rdacontent
_aTekst
_btxt
337 _2rdamedia
_aBez urządzenia pośredniczącego
_bn
338 _2rdacarrier
_aWolumin
_bnc
380 _aKsiążki
380 _aPublikacje dydaktyczne
385 _mPoziom nauczania
_aSzkoły wyższe
388 _a2001-
490 1 _aMonografie / Politechnika Częstochowska,
_x0860-5017 ;
_vnr 83.
504 _aBibliogr.
546 _aStreszcz. ang., ros.
650 4 _aBelka
650 4 _aKonstrukcje betonowe
650 4 _aKonstrukcje stalowe
650 4 _aKonstrukcje zespolone
650 4 _aProjektowanie
658 _aArchitektura i budownictwo
710 2 _aWydawnictwo Politechniki Częstochowskiej
_4pbl.
830 0 _aMonografie - Politechnika Częstochowska,
_vnr 83
856 _uhttp://koha.tu.koszalin.pl/cgi-bin/koha/opac-detail.pl?biblionumber=42150
_yKatalog online BPK
942 _2UKD
_cKS
999 _c42150
_d42150